| 000 | 00644nam a2200193 a 4500 | ||
|---|---|---|---|
| 001 | 000024233 | ||
| 005 | 20200930022830.0 | ||
| 008 | 110125s2006 dr 000 0 spa d | ||
| 040 |
_aDO-SdBNP _bspa _cBNPHU |
||
| 082 |
_axxx _bR426i |
||
| 110 | 1 |
_aRepública Dominicana _9447 |
|
| 240 | 1 | 0 | _a[Leyes, etc.]. |
| 245 | 1 | 0 | _aIndice general de la legislación en la República Dominicana 2004. |
| 250 | _aed. oficial | ||
| 260 |
_aSanto Domingo : _bAlfa y Omega, _c2006. |
||
| 300 |
_a428 p. ; _c23 cm. |
||
| 500 | _aSegunda parte -- Meses de Agostos a Diciembre -- Periodo del gobierno constitucional del Dr. Leonel Fernández | ||
| 049 | _aBNPD | ||
| 999 |
_c23727 _d23727 |
||